The illuminated Blake : William Blake's complete illuminated works with a plate-by-plate commentary (Record no. 53463)

MARC details
000 -LEADER
fixed length control field 00730nam a2200217Ia 4500
008 - FIXED-LENGTH DATA ELEMENTS--GENERAL INFORMATION
fixed length control field 191130s1992##################000#0#eng##
020 ## - INTERNATIONAL STANDARD BOOK NUMBER
ISBN 9780486272344
082 ## - DEWEY DECIMAL CLASSIFICATION NUMBER
Classification number 769.92 ERD
100 ## - MAIN ENTRY--AUTHOR NAME
Personal name Erdman, David V
245 ## - TITLE STATEMENT
Title The illuminated Blake : William Blake's complete illuminated works with a plate-by-plate commentary
Statement of responsibility, etc by David V. Erdman
260 ## - PUBLICATION, DISTRIBUTION, ETC. (IMPRINT)
Place of publication Mineola, N.Y
Name of publisher Dover Publications
Year of publication 1992
300 ## - PHYSICAL DESCRIPTION
Number of Pages 416 p. : ill. ; 21 x 29 cm
650 ## - SUBJECT ADDED ENTRY--TOPICAL TERM
Topical Term Blake, William, 1757-1827 - Themes, motives
Topical Term Illumination of books and manuscripts, English
700 ## - ADDED ENTRY--PERSONAL NAME
Personal name Blake, William
991 ## -
-- 376196
Holdings
Withdrawn status Lost status Damaged status Not for loan Home library Current library Shelving location Date acquired Full call number Accession Number Price effective from Koha item type
        Anna Centenary Library Anna Centenary Library 6TH FLOOR, B WING 09.10.2020 769.92 ERD 444847 09.10.2020 English Books

Find us on the map